Mort subite - Pokemon - Statistiques

Statistiques générales
  • Ce quiz a été pris 394 fois
  • Le résultat moyen est 4 sur 12
Answers on the Grid
Answers color-coded by a green-red scale on the quiz's grid according to % correct below.
Pikachu
Salamèche
Carapuce
Bulbizarre
Chenipan
Roucoups
Germignon
Kaiminus
Noarfang
Nirondelle
Arcko
Écrapince
Chartor
Capumain
Étourmi
Tortipouss
Ouisticram
Moustillon
Vipélierre
Baggiguane
Grenousse
Brutalibré
Sonistrelle
Brindibou
Flamiaou
 
Statistiques - réponses
Réponse % Correct
Salamèche
93%
Chenipan
48%
Roucoups
40%
Arcko
33%
Germignon
31%
Ouisticram
29%
Étourmi
28%
Nirondelle
28%
Grenousse
26%
Tortipouss
22%
Flamiaou
21%
Sonistrelle
16%
Aucun quiz correspondant
Distribution des résultats
% des personnes avec chaque résultat
Percentile par nombre de réponses
Votre historique - résultats
Vous n’avez pas pris ce quiz